Normal view
MARC view
- Banoo Qodsia
Entry Personal Name
001 - CONTROL NUMBER
- control field: 9797
003 - CONTROL NUMBER IDENTIFIER
- control field: NUST
005 - DATE AND TIME OF LATEST TRANSACTION
- control field: 20180124154504.0
008 - FIXED-LENGTH DATA ELEMENTS
- fixed length control field: 180124|| aca||aabn | a|a d
040 ## - CATALOGING SOURCE
- Original cataloging agency: NUST
- Transcribing agency: NUST
100 ## - HEADING--PERSONAL NAME
- Personal name: Banoo Qodsia
670 ## - SOURCE DATA FOUND
- Source citation: Work cat.: (NUST)324325: Banoo Qodsia, Hasl e Ghaat, 2010
